Normal view
MARC view
- Rozakis, Laurie
Entry Personal Name
001 - CONTROL NUMBER
- control field: 69342
003 - CONTROL NUMBER IDENTIFIER
- control field: NUST
005 - DATE AND TIME OF LATEST TRANSACTION
- control field: 20210628204222.0
008 - FIXED-LENGTH DATA ELEMENTS
- fixed length control field: 210628|| aca||aabn | a|a d
040 ## - CATALOGING SOURCE
- Original cataloging agency: NUST
- Transcribing agency: NUST
100 ## - HEADING--PERSONAL NAME
- Personal name: Rozakis, Laurie
670 ## - SOURCE DATA FOUND
- Source citation: Work cat.: (NUST): Rozakis, Laurie., English grammar for the utterly confused [electronic resource], 2003
